Aplikácia vybraných viacrozmerných metód pri analýze efektívnosti priemyselných podnikov

Guardado en:
Detalles Bibliográficos
Autor principal: Vojtková, Mária, 1966-
Formato: Capítulo de libro
Lenguaje:eslovaco
Etiquetas: Agregar Etiqueta
Sin Etiquetas, Sea el primero en etiquetar este registro!

MARC

LEADER 00000naa$a2200000$$$4500
001 0062204
005 20240502071711.8
041 0 |a slo 
044 |a SK 
245 1 0 |a Aplikácia vybraných viacrozmerných metód pri analýze efektívnosti priemyselných podnikov  |c Mária Vojtková 
100 1 |a Vojtková, Mária, 1966-